| 000 | 01484nam a2200253Ia 4500 | ||
|---|---|---|---|
| 001 | 23295 | ||
| 003 | GE_BSU | ||
| 008 | 181216s||||||||xx |||||||||||||| ||und|| | ||
| 040 | _cGE_BSU | ||
| 080 | _a811.353.1'373.232+94(479.22)+39(479.22) | ||
| 100 | _aითონიშვილი, ვახტანგ. | ||
| 245 | _aდვალები და დვალეთი. წ. 2 | ||
| 245 | _cრედაქტორი ვალერიან ითონიშვილი ; კარტოგრაფი ალექსანდრე ნაზღაიძე | ||
| 250 | _aსაქ. მეცნ. ეროვნული აკადემია, ისტორიის, ეთნოლოგიის, რელიგიის შესწავლისა და პროპაგანდის სამეცნიერო ცენტრი. | ||
| 260 | _aთბილისი | ||
| 260 | _bსაქ. მეცნ. ეროვნული აკადემიის სტამბა | ||
| 260 | _c2016 | ||
| 300 | _a248 გვ. : სქ. | ||
| 541 | _h10 ლ. | ||
| 653 | _aდვალები და დვალეთი. წ. 2 | ||
| 653 | _aქართული გვარების ისტორია. ქართული გვარ-სახელები. | ||
| 653 | _aქართული სოფლების ისტორია. საქართველოს ეთნოგრაფია. | ||
| 942 | _cBK | ||
| 999 |
_c56194 _d56194 |
||